| 000 | 00950 a2200169 4500 | ||
|---|---|---|---|
| 003 | Nust | ||
| 005 | 20230504103933.0 | ||
| 040 | _cNust | ||
| 082 | _a962,JOE | ||
| 100 |
_ajoesten,Joachim _9112090 |
||
| 245 |
_aNasser: _b The Rise To Power / _cJoachim Joesten |
||
| 260 |
_aLondon _bOdhams Press |
||
| 300 | _a222:p | ||
| 505 | _aNasser at School (Page-13), Britain in Egypt (Page-20), The Growth of Nationalism (Page-35), Future Political Program (Page-56Nasser the Student (Page-62), Tiger of Faluja (Page-76), Revolution (Page-83), Nasser Versus Neguib (Page-100), The Aswan High Dam (Page-120), The Big Bold Grab (Page-132), Nasser Between East and West (Page-141) The Egyptian (Page-165), A King Survives (Page-171), The United Nasser Republic (Page-182), Dream of Empire (Page-192) The Brothers in Baghdad (Page-200), Nasser and Kassem (Page-208), Nasser the Family Man (Page-216). | ||
| 650 |
_aNasser _9112091 |
||
| 942 |
_2ddc _cBK _k962,JOE |
||
| 999 |
_c187605 _d187605 |
||